|
|
|
|
| LEADER |
00806nab a2200181 i 4500 |
| 001 |
misc12820 |
| 005 |
20191106141531.0 |
| 008 |
170607s1976 hu o 0|| hun d |
| 022 |
|
|
|a 0025-0260
|
| 040 |
|
|
|a SZTE Miscellanea Repozitórium
|b hun
|
| 041 |
|
|
|a hun
|
| 100 |
2 |
|
|a Fleckensteinné Cservenka Júlia
|
| 245 |
1 |
0 |
|a Reformkori magyar nyelvű ábécéskönyvek
|h [elektronikus dokumentum] /
|c Fleckensteinné Cservenka Júlia
|
| 260 |
|
|
|c 1976
|
| 300 |
|
|
|a 371-380
|
| 490 |
0 |
|
|a Magyar pedagógia : a Magyar Tudományos Akadémia Pedagógiai Bizottságának folyóirata
|v 76 No. 4
|
| 695 |
|
|
|a Neveléstörténet magyar 19. sz., Művelődéstörténet magyar 19. sz., Neveléstörténet, Reformkor, Ábécéskönyvek
|
| 856 |
4 |
0 |
|u http://misc.bibl.u-szeged.hu/12820/1/mp_1976_004_5257_371-380.pdf
|z Dokumentum-elérés
|